<?xml version="1.0" encoding="UTF-8"?>
<record
    xmlns:xsi="http://www.w3.org/2001/XMLSchema-instance"
    xsi:schemaLocation="http://www.loc.gov/MARC21/slim http://www.loc.gov/standards/marcxml/schema/MARC21slim.xsd"
    xmlns="http://www.loc.gov/MARC21/slim">

  <leader>01932cam a2200301Ia 4500</leader>
  <controlfield tag="001">5314464</controlfield>
  <controlfield tag="003">DFRGTYH</controlfield>
  <controlfield tag="005">20220326193248.0</controlfield>
  <controlfield tag="008">050511s2005    gt       b    001 0 spa d</controlfield>
  <datafield tag="020" ind1=" " ind2=" ">
    <subfield code="a">9992261382</subfield>
  </datafield>
  <datafield tag="035" ind1=" " ind2=" ">
    <subfield code="a">(OCoLC)ocm60341856</subfield>
  </datafield>
  <datafield tag="035" ind1=" " ind2=" ">
    <subfield code="a">(NNC)5314464</subfield>
  </datafield>
  <datafield tag="040" ind1=" " ind2=" ">
    <subfield code="a">NHM</subfield>
    <subfield code="c">NHM</subfield>
  </datafield>
  <datafield tag="043" ind1=" " ind2=" ">
    <subfield code="a">nc-----</subfield>
  </datafield>
  <datafield tag="082" ind1=" " ind2=" ">
    <subfield code="a">972.8</subfield>
    <subfield code="b">C336r</subfield>
  </datafield>
  <datafield tag="090" ind1=" " ind2=" ">
    <subfield code="a">F1430</subfield>
    <subfield code="b">.C38 2005</subfield>
  </datafield>
  <datafield tag="100" ind1="1" ind2=" ">
    <subfield code="a">Casa&#xFA;s Arz&#xFA;, Marta y Garcia Giraldez, Teresa</subfield>
    <subfield code="9">335</subfield>
  </datafield>
  <datafield tag="245" ind1="1" ind2="4">
    <subfield code="a">Las redes intelectuales centroamericanas :</subfield>
    <subfield code="b">un siglo de imaginarios nacionales (1820-1920) </subfield>
    <subfield code="c">Marta Elena Casa&#xFA;s Arz&#xFA;, Teresa Garc&#xED;a Gir&#xE1;ldez.</subfield>
  </datafield>
  <datafield tag="260" ind1=" " ind2=" ">
    <subfield code="a">Guatemala :</subfield>
    <subfield code="b">F&amp;G,</subfield>
    <subfield code="c">2005.</subfield>
  </datafield>
  <datafield tag="300" ind1=" " ind2=" ">
    <subfield code="a">vii, 325 p. ;</subfield>
    <subfield code="c">24 cm.</subfield>
    <subfield code="b">ill (some color)</subfield>
  </datafield>
  <datafield tag="504" ind1=" " ind2=" ">
    <subfield code="a">Includes bibliographical references (p. 297-315) and index.</subfield>
  </datafield>
  <datafield tag="505" ind1="0" ind2=" ">
    <subfield code="a">Introducci&#xF3;n: Las elites intelectuales de Centroam&#xE9;rica en el paso de siglo: entre el positivismo racialista y el espiritualismo nacionalista -- El debate sobre la naci&#xF3;n y sus formas en el pensamiento pol&#xED;tico del siglo XIX / Teresa Garc&#xED;a Gir&#xE1;ldez -- La creaci&#xF3;n de nuevos espacios p&#xFA;blicos a principios del siglo XX: la influencia de redes intelectuales teos&#xF3;ficas en la opini&#xF3;n p&#xFA;blica centroamericana (1920-1930) / Marta Elena Casa&#xFA;s Arz&#xFA; -- La patria grande centroamericana: la elaboraci&#xF3;n del proyecto nacional por las redes unionistas / Teresa Garc&#xED;a Gir&#xE1;ldez -- El indio, la naci&#xF3;n, la opini&#xF3;n p&#xFA;blica y el espiritualismo nacionalista: los debates de 1929 / Marta Elena Casa&#xFA;s Arz&#xFA; -- La generaci&#xF3;n del 20 en Guatemala y sus imaginarios de naci&#xF3;n (1920-1940) / Marta Elena Casa&#xFA;s Arz&#xFA;.</subfield>
  </datafield>
  <datafield tag="650" ind1=" " ind2="0">
    <subfield code="a">Intellectuals</subfield>
    <subfield code="z">Central America</subfield>
    <subfield code="x">History.</subfield>
    <subfield code="9">336</subfield>
  </datafield>
  <datafield tag="651" ind1=" " ind2="0">
    <subfield code="a">Central America</subfield>
    <subfield code="x">Intellectual life.</subfield>
    <subfield code="9">337</subfield>
  </datafield>
  <datafield tag="654" ind1=" " ind2=" ">
    <subfield code="x">intelectuales-Centroamerica-historia</subfield>
    <subfield code="x">caracteristicas nacionales-Centroamerica</subfield>
    <subfield code="x">nacionalismo-Centroamerica-historia</subfield>
  </datafield>
  <datafield tag="700" ind1="1" ind2=" ">
    <subfield code="a">Garc&#xED;a Gir&#xE1;ldez, Teresa.</subfield>
    <subfield code="9">338</subfield>
  </datafield>
  <datafield tag="999" ind1=" " ind2=" ">
    <subfield code="c">67</subfield>
    <subfield code="d">67</subfield>
  </datafield>
  <datafield tag="952" ind1=" " ind2=" ">
    <subfield code="0">0</subfield>
    <subfield code="1">0</subfield>
    <subfield code="2">ddc</subfield>
    <subfield code="4">0</subfield>
    <subfield code="7">0</subfield>
    <subfield code="a">LV</subfield>
    <subfield code="b">LV</subfield>
    <subfield code="c">Pensamiento</subfield>
    <subfield code="d">2014-04-09</subfield>
    <subfield code="l">0</subfield>
    <subfield code="o">972.8 C336r</subfield>
    <subfield code="p">000090</subfield>
    <subfield code="r">2014-04-09 00:00:00</subfield>
    <subfield code="w">2014-04-09</subfield>
    <subfield code="y">01</subfield>
  </datafield>
</record>
